00930cam a22002535a 450000100100000000500170001000800410002702000150006804000260008308200240010910000250013324500590015824600330021726000500025030000290030050400510032965000520038065100500043265300310048270000240051394200080053799900170054595201140056200938678820171224120219.0821011t1982 enka frb 001 0 eng d a003910351X aUkcUkbengdEG-ScBUE04a330.941082222bGRE10aGreen, W.q(William)10aRegional problems and policies /cW. Green, D. Clough.34aRegional problems & policies aLondon :bHolt Rinehart and Winston,cc.1982. a143 p. :bill. ;c22 cm. aIncludes bibliographical references and index. 7aRegional planningzGreat Britain.2BUEsh933411 7aGreat BritainxEconomic policy.2BUEsh930197 bGGENbBUSBOLcDecember20171 aClough, D.q(Danny) 2ddc c25779d25751 00102ddc4070aMAINbMAINc1STd2017-12-24ePurchasel0o330.941082 GREp000046985r2025-07-15 00:00:00yBB